LEADER 02657nam 2200649 a 450 001 9910455233003321 005 20200520144314.0 010 $a1-282-29495-4 010 $a9786612294952 010 $a0-313-36539-3 035 $a(CKB)1000000000816743 035 $a(OCoLC)317885868 035 $a(CaPaEBR)ebrary10331629 035 $a(SSID)ssj0000289619 035 $a(PQKBManifestationID)11205560 035 $a(PQKBTitleCode)TC0000289619 035 $a(PQKBWorkID)10386543 035 $a(PQKB)11090456 035 $a(MiAaPQ)EBC2040088 035 $a(Au-PeEL)EBL2040088 035 $a(CaPaEBR)ebr10331629 035 $a(CaONFJC)MIL229495 035 $a(OCoLC)816326206 035 $a(EXLCZ)991000000000816743 100 $a20081030d2009 uy 0 101 0 $aeng 135 $aurcn||||||||| 181 $ctxt 182 $cc 183 $acr 200 10$aBanning weapons of mass destruction$b[electronic resource] /$fFrederick N. Mattis 210 $aWestport, Conn. $cPraeger Security International$d2009 215 $a1 online resource (142 p.) 300 $aBibliographic Level Mode of Issuance: Monograph 311 $a0-313-36538-5 320 $aIncludes bibliographical references (p. [117]-123) and index. 327 $aThe landscape of nuclear weapons -- Partial measures : de-alerting and no first use -- Nuclear ban entry into force -- Should withdrawal be permitted? -- Verification, disposition of HEU, and reprocessing -- Problematic states -- Weapons elimination -- Superseding today's non-proliferation treaty -- Prior prohibition of chemical and biological weapons -- Reservations -- Countering near-earth objects -- Societal verification -- Other matters -- Summary. 606 $aNuclear disarmament$xInternational cooperation 606 $aNuclear arms control$xInternational cooperation 606 $aNuclear nonproliferation$xInternational cooperation 606 $aNuclear weapons$xGovernment policy 606 $aWeapons of mass destruction$xGovernment policy 608 $aElectronic books. 615 0$aNuclear disarmament$xInternational cooperation. 615 0$aNuclear arms control$xInternational cooperation. 615 0$aNuclear nonproliferation$xInternational cooperation. 615 0$aNuclear weapons$xGovernment policy. 615 0$aWeapons of mass destruction$xGovernment policy. 676 $a327.1/745 700 $aMattis$b Frederick N.$f1951-$0978889 801 0$bMiAaPQ 801 1$bMiAaPQ 801 2$bMiAaPQ 906 $aBOOK 912 $a9910455233003321 996 $aBanning weapons of mass destruction$92231153 997 $aUNINA LEADER 03131oas 2200961 a 450 001 9910142566003321 005 20251114213013.0 011 $a1879-1492 035 $a(DE-599)ZDB2180098-4 035 $a(DE-599)2180098-4 035 $a(OCoLC)38524879 035 $a(CONSER) 2007233246 035 $a(CKB)954925575998 035 $a(EXLCZ)99954925575998 100 $a19980227b19892001 sy 101 0 $aeng 135 $aurmnu|||||||| 181 $ctxt$2rdacontent 182 $cc$2rdamedia 183 $acr$2rdacarrier 200 10$aArtificial intelligence in engineering 210 $aNew York, NY $cElsevier Science Pub. Co.$d1989-2001 300 $aTitle from contents screen (ScienceDirect, viewed March 1, 2007). 311 08$a0954-1810 606 $aEngineering$xData processing$vPeriodicals 606 $aArtificial intelligence$vPeriodicals 606 $aExpert systems (Computer science)$vPeriodicals 606 $aEngineering$xData processing$xPeriodicals 606 $aArtificial intelligence$vPeriodicals 606 $aExpert systems (Computer science)$vPeriodicals 606 $aInge?nierie$xInformatique$xPe?riodiques 606 $aIntelligence artificielle$xPe?riodiques 606 $aSyste?mes experts (Informatique)$xPe?riodiques 606 $aInge?nierie$xInformatique$vPe?riodiques 606 $aIntelligence artificielle$vPe?riodiques 606 $aSyste?mes experts (Informatique)$vPe?riodiques 606 $aArtificial intelligence$2fast$3(OCoLC)fst00817247 606 $aEngineering$xData processing$2fast$3(OCoLC)fst00910334 606 $aExpert systems (Computer science)$2fast$3(OCoLC)fst00918516 606 $aKunstig intelligens$vTidsskrifter$2tekord 608 $aPeriodicals.$2fast 615 0$aEngineering$xData processing 615 0$aArtificial intelligence 615 0$aExpert systems (Computer science) 615 0$aEngineering$xData processing$xPeriodicals. 615 0$aArtificial intelligence 615 0$aExpert systems (Computer science) 615 6$aInge?nierie$xInformatique$xPe?riodiques. 615 6$aIntelligence artificielle$xPe?riodiques. 615 6$aSyste?mes experts (Informatique)$xPe?riodiques. 615 6$aInge?nierie$xInformatique 615 6$aIntelligence artificielle 615 6$aSyste?mes experts (Informatique) 615 7$aArtificial intelligence. 615 7$aEngineering$xData processing. 615 7$aExpert systems (Computer science) 615 7$aKunstig intelligens 801 0$bOH1 801 1$bOH1 801 2$bOCL 801 2$bOCLCQ 801 2$bGUA 801 2$bU9S 801 2$bOCLCQ 801 2$bOCLCO 801 2$bOCLCQ 801 2$bOCLCF 801 2$bOCLCO 801 2$bSE4M6 801 2$bOCLCO 801 2$bOCLCQ 801 2$bOCLCO 801 2$bU3W 801 2$bNJT 801 2$bOCLCQ 801 2$bOCLCO 801 2$bOCLCQ 801 2$bUAB 801 2$bAUD 906 $aJOURNAL 912 $a9910142566003321 996 $aArtificial intelligence in engineering$9733403 997 $aUNINA